UBT Library

CONSTITUTIONAL RIGHTS AND LIBERTIES (Record no. 59563)

000 -LEADER
fixed length control field 00343nam a22001457a 4500
008 - FIXED-LENGTH DATA ELEMENTS--GENERAL INFORMATION
fixed length control field 230414b ||||| |||| 00| 0 eng d
020 ## - INTERNATIONAL STANDARD BOOK NUMBER
International Standard Book Number 031488940
041 ## - LANGUAGE CODE
Language code of text/sound track or separate title eng
080 ## - UNIVERSAL DECIMAL CLASSIFICATION NUMBER
Edition identifier SEVENTH EDITION
Universal Decimal Classification number 34
082 ## - DEWEY DECIMAL CLASSIFICATION NUMBER
Classification number 34LOC
100 ## - Rafti
Rafti 31
101 ## - Shkurtesa
Shkurtesa JURED
245 ## - TITLE STATEMENT
Title CONSTITUTIONAL RIGHTS AND LIBERTIES
Statement of responsibility, etc LOCKHART.B.W
942 ## - ADDED ENTRY ELEMENTS (KOHA)
Source of classification or shelving scheme
Item type Books
Holdings
Withdrawn status Lost status Source of classification or shelving scheme Damaged status Not for loan Collection code Permanent location Current location Date acquired Total Checkouts Full call number Barcode Date last seen Price effective from Koha item type
          Koleksioni i përgjithshem UBT - Lipjan UBT - Lipjan 04/14/2023   34LOC 002-80006023 04/14/2023 04/14/2023 Books
UBT Library © 2015-2024. All rights reserved University Education for Business and Technology